関西国際空港 就航先 - Statistics

General Stats
  • This quiz has been taken 124 times
  • The average score is 47 of 72
Answer Stats
都市名(空港名) 航空会社 % Correct
東京(羽田) JAL・ANA・スターフライヤー
93%
東京(成田) ジェットスタージャパン・Peach
93%
北京(首都) ANA・中国国際航空・海南航空
93%
北京(大興) 吉祥航空・中国東方航空・中国南方航空
93%
ソウル(仁川) Peach・大韓航空・アシアナ航空・チェジュ航空・ジンエアー・ティーウェイ航空・エアプサン・エアソウル・イースター航空
92%
上海(浦東) JAL・ANA・Peach・吉祥航空・中国東方航空・春秋航空・中国国際航空・中国南方航空・上海航空
92%
札幌(新千歳) JAL・ANA・ジェットスタージャパン・Peach
90%
ソウル(金浦) 大韓航空・チェジュ航空
89%
福岡 Peach
87%
沖縄(那覇) JAL・ANA・ジェットスタージャパン・Peach
87%
天津 天津航空
87%
香港 Peach・キャセイパシフィック航空・香港航空・香港エクスプレス航空・グレーターベイエアラインズ
86%
パリ エールフランス
86%
鹿児島 Peach
85%
台北(桃園) Peach・ジェットスタージャパン・中華航空・エバー航空・スターラックス航空・タイガーエア台湾・キャセイパシフィック航空・タイベトジェット・エアアジアX
85%
シンガポール Peach・シンガポール航空・スクート・ジェットスターアジア航空
85%
仙台 Peach
83%
マカオ マカオ航空
83%
釜山 チェジュ航空・ジンエアー・ティーウェイ航空・エアプサン
82%
バンコク(スワンナプーム) JAL・Peach・タイ国際航空・タイベトジェット
82%
ドバイ エミレーツ航空
82%
石垣 JAL・ANA・Peach
80%
マニラ ジェットスターアジア航空・フィリピン航空・セブパシフィック航空・フィリピンエアアジア航空
80%
バンコク(ドンムアン) タイエアアジアX
80%
ロサンゼルス JAL
80%
長崎 Peach
79%
深圳 深圳航空
79%
イスタンブール ターキッシュエアラインズ
79%
ホノルル JAL・ハワイアン航空
79%
宮崎 Peach
77%
ハノイ ベトナム航空・ベトジェットエア
77%
シドニー ジェットスター航空
77%
高雄 Peach・中華航空・エバー航空・タイガーエア台湾
76%
広州 中国南方航空
76%
ホーチミン ベトナム航空・ベトジェットエア
76%
クアラルンプール マレーシア航空・エアアジアX
76%
アムステルダム KLMオランダ航空
76%
青島 山東航空・青島航空
75%
セブ フィリピン航空・セブパシフィック航空
75%
奄美 Peach
73%
宮古 JAL・ANA
73%
ドーハ カタール航空
73%
ヘルシンキ フィンエアー
70%
サンフランシスコ ユナイテッド航空
69%
済州 ティーウェイ航空
65%
厦門 厦門航空
65%
グアム ユナイテッド航空
65%
大連 春秋航空・中国南方航空
63%
成都 四川航空
63%
南京 吉祥航空・深圳航空
62%
アブダビ エティハド航空
62%
杭州 中国国際航空・厦門航空・長竜航空・北京首都航空
61%
重慶 厦門航空
58%
ミュンヘン ルフトハンザ
58%
西安 春秋航空
49%
大邱 ティーウェイ航空
45%
武漢 中国東方航空
44%
福州 厦門航空
44%
ハルビン 中国南方航空
42%
ケアンズ ジェットスター航空
39%
ブリスベン ジェットスター航空
39%
清州 ティーウェイ航空・エアロK航空
35%
瀋陽 春秋航空・中国南方航空
28%
済南 山東航空
23%
寧波 中国東方航空・春秋航空
23%
務安 ジンエアー
15%
石家庄 河北航空
15%
無錫 吉祥航空・深圳航空
15%
南通 深圳航空
15%
貴陽 天津航空
14%
合肥 中国東方航空
13%
蘭州 春秋航空
13%
No matching quizzes found
Score Distribution
Percent of People with Each Score
Percentile by Number Answered
Your Score History
You have not taken this quiz